000 00834nam a2200229 i 4500
001 133547
003 ES-MaACL
007 t|
008 070820s1985 sp ||||1| spa d
020 _a81-239-5281-9
100 1 _aWölfflin, Heinrich.
_9117269
245 1 0 _aConceptos fundamentales en la Historia del Arte /
_cHeinrich Wölfflin ; palabras preliminares por Enrique Lafuente Ferrari ; [traducción del alemán por José Moreno Villar].
260 _aMadrid :
_bEspasa-Calpe,
_c[1985]
300 _a366 p. :
_bil. ;
_c24 cm.
490 1 _aEspasa Arte ;
_v1
650 1 4 _aArte-
_vHistoria
_910107
700 1 _aMoreno Villar, José.
_983446
700 1 _aLafuente Ferrari, Enrique,
_d1898-1985
_969538
830 0 _aEspasa Arte ;
_v1
_9219751
852 _aES-MaACL
_jL-9386
_bR.111128
999 _c133547
_d133547